000 00390nam a22001457a 4500
020 _qHB.
040 _cFIZZA ISHAQ
082 _a468.2421
_bBLA
100 _aDONLEY,BLANCO.
_9133785
245 _aVISTAS INTRODUCCION A LA LENGUA ESPANOLA /
_cBLANCO DONLEY.
250 _a3RD ED.
260 _aLONDON ;
_bVISTA HIGHER LEARNING,
_c2008.
300 _a637 P. ;
_c11.1X8.9IN
942 _2ddc
_cBK
999 _c616746
_d616746